| 000 | 00506cam a2200205ua 4500 | ||
|---|---|---|---|
| 020 | _c120.00 | ||
| 041 |
_aeng _h |
||
| 082 |
_a581.1 _bKOC/TE |
||
| 100 | _aKochhar, P.L . | ||
| 245 |
_aText book of plant physiology / _cP.L.Kochhar. _hTextual Documents |
||
| 250 |
_a17 / _b. |
||
| 260 |
_aDelhi : _bAtmaram and Sons , _c1995. |
||
| 300 | _a583 ; . | ||
| 365 | _a120.00 | ||
| 504 | _a | ||
| 700 | 1 | _aKrishnamoorthy, H.N . | |
| 942 | _cBK | ||
| 999 |
_c10768 _d10768 |
||